|
|
|
|
| LEADER |
01196nam a2200265 a 4500 |
| 001 |
15991457 |
| 008 |
130428s2011 ohua b 001 0 eng d |
| 010 |
|
|
|a 2009941965
|
| 020 |
|
|
|a 9780538453257 (pkg.)
|
| 020 |
|
|
|z 0538453257 (pkg.)
|
| 020 |
|
|
|a 9781439039991 (hbk.)
|
| 020 |
|
|
|a 1439039992 (hbk.)
|
| 040 |
|
|
|a DLC
|c DLC
|d BD-DhAAL.
|
| 082 |
0 |
0 |
|a 338.5
|2 22
|
| 100 |
1 |
|
|a Nechyba, Thomas J.,
|d 1968-
|
| 245 |
1 |
0 |
|a Microeconomics :
|b an intuitive approach with calculus /
|c Thomas J. Nechyba.
|
| 260 |
|
|
|a Mason, Ohio :
|b South-Western Cengage Learning,
|c c2011.
|
| 300 |
|
|
|a xv, 1206 p. :
|b ill. ;
|c 26 cm.
|
| 504 |
|
|
|a Includes bibliographical references and index.
|
| 541 |
|
|
|e 00026977
|
| 650 |
|
0 |
|a Microeconomics.
|
| 852 |
1 |
|
|a Ayesha Abed Library
|j General shelf.
|
| 999 |
|
|
|c 13365
|d 13365
|
| 952 |
|
|
|0 0
|1 0
|2 ddc
|4 0
|6 338_500000000000000_NEC
|7 0
|9 22271
|a BRACUL
|b BRACUL
|c GEN
|d 2013-04-28
|e TRIM EDUCATION
|g 15975.00
|l 4
|m 3
|o 338.5 NEC
|p 3010026977
|r 2016-02-10
|s 2015-07-11
|t 2
|w 2013-04-28
|y BK
|
| 952 |
|
|
|0 0
|1 0
|2 ddc
|4 0
|6 ONEHOURLOAN_338_50000000000000
|7 0
|9 22272
|a BRACUL
|b BRACUL
|c CIR
|d 2013-04-28
|e TRIM EDUCATION
|g 15975.00
|l 2
|o Onehourloan 338.5 NEC
|p 3010026976
|r 2013-06-11
|s 2013-06-11
|t 1
|w 2013-04-28
|y 1HOUR
|